រឿងសុវណ្ណសាម : (Record no. 6637)

MARC details
000 -LEADER
fixed length control field 03764nam a22002297a 4500
001 - CONTROL NUMBER
control field 6637
003 - CONTROL NUMBER IDENTIFIER
control field FISKH
005 - DATE AND TIME OF LATEST TRANSACTION
control field 20250516141729.0
008 - FIXED-LENGTH DATA ELEMENTS--GENERAL INFORMATION
fixed length control field 250516b cb ||||| |||| 00| 0 eng d
040 ## - CATALOGING SOURCE
Original cataloging agency FISKH
Language of cataloging khr
Transcribing agency FISKH
Modifying agency FISKH
082 ## - DEWEY DECIMAL CLASSIFICATION NUMBER
Classification number 751.7309596
100 ## - MAIN ENTRY--PERSONAL NAME
Personal name Anonymous
245 ## - TITLE STATEMENT
Title រឿងសុវណ្ណសាម :
Remainder of title ពិធីបញ្ចូលម្លប់កូនស្រី អត្ថបទរឿងអមដោយរូបភាព /
Statement of responsibility, etc. By Anonymous
260 ## - PUBLICATION, DISTRIBUTION, ETC.
Place of publication, distribution, etc. ភ្នំពេញ :
300 ## - PHYSICAL DESCRIPTION
Extent 32 pages :
Other physical details illustrations ;
Dimensions 20 cm .
520 ## - SUMMARY, ETC.
Summary, etc. សុវណ្ណសាម ជាក្មេងប្រុសសុចរិត មានសីលធម៌។ ពេលឪពុកម្តាយរបស់គេ (ព្រះសោធរ និងនាងភារមី) ត្រូវសោភណ្ឌគយគន់ ដោយបានបាត់ពិការភ្នែក ពីព្រោះបានចាកចេញពីជីវិតលោគៈ ទៅរស់នៅព្រៃក្នុងផ្លូវធម៌។ សុវណ្ណសាមបានយកចិត្តទុកដាក់ថែរក្សាពួកគេយ៉ាងយកចិត្តទុកដាក់ ដោយទៅយកទឹក ស្វែងអាហារ និងបំពេញបំណងគ្រប់យ៉ាង។<br/><br/>មួយថ្ងៃ ព្រះរាជាឈ្មោះ ពិលិយ ចេញទៅនេសាទ ហើយបានបាញ់ធ្នាប់បុកសុវណ្ណសាមដោយមិនដឹងថាជាមនុស្ស។ ព្រះអង្គសោកស្តាយខ្លាំង នៅពេលដឹងពីសកម្មភាពសុចរិតរបស់សុវណ្ណសាម។ ព្រះអង្គបានទៅសុំអភ័យទោសពីឪពុកម្តាយសាម និងស្មានថាគេបានស្លាប់។ ប៉ុន្តែព្រះអង្គបានសំពះបួសចិត្តខ្មាស និងសូមអន្តោប្រវេសន៍។<br/><br/>ក្រោយមក ព្រះអាទិទេព បានឲ្យសុវណ្ណសាមរស់ឡើងវិញ ហើយឪពុកម្តាយក៏បានបានស្ទើរភ្នែកវិញផងដែរ។ ព្រះរាជាពិលិយបានយល់ពីគុណធម៌ ស្មោះត្រង់ និងបានបន្តធ្វើការគោរពតាមធម៌។<br/><br/>
520 ## - SUMMARY, ETC.
Summary, etc. Sovann Sam was a virtuous and morally upright young boy. His parents (King Sothor and Lady Pharamey) had become blind as a result of renouncing worldly life to live in the forest and follow the path of Dhamma. Sovann Sam cared for them with deep devotion, fetching water, finding food, and fulfilling all their needs with great diligence.<br/><br/>One day, a king named Piliy went hunting and unknowingly shot Sovann Sam with an arrow, not realizing he was a human. Upon discovering Sovann Sam’s noble actions and filial devotion, the king was filled with deep sorrow and regret. He went to ask forgiveness from Sovann Sam’s parents, believing the boy had died. The king sincerely repented and humbly sought spiritual redemption.<br/><br/>Later, a celestial being restored Sovann Sam to life, and his parents miraculously regained their sight. King Piliy came to understand the value of virtue and honesty and committed himself to living a righteous life thereafter.
650 ## - SUBJECT ADDED ENTRY--TOPICAL TERM
Topical term or geographic name entry element សុវណ្ណសាម
Form subdivision រឿងបូរាណនិទាន
650 ## - SUBJECT ADDED ENTRY--TOPICAL TERM
Topical term or geographic name entry element Sovan Sam
Form subdivision Ancient folktale
942 ## - ADDED ENTRY ELEMENTS (KOHA)
Source of classification or shelving scheme Dewey Decimal Classification
Koha item type Khmer Books
Suppress in OPAC No
Holdings
Withdrawn status Lost status Source of classification or shelving scheme Damaged status Not for loan Collection Home library Current library Shelving location Date acquired Total Checkouts Full call number Barcode Date last seen Price effective from Koha item type
    Dewey Decimal Classification     Khmer Language Books / សៀវភៅភាសាខ្មែរ Footprints International School Library Network Toul Tom Poung Campus Footprints International School Library Network Toul Tom Poung Campus TTP Secondary Khmer Bookshelves 05/16/2025   ANO 751.7309596 2025-1315 05/16/2025 05/16/2025 Khmer Books